Trái tim dũng cảm = Braveheart
Câu chuyện xoay quanh một cuộc chiến dữ dội, một tình yêu mong manh và một ý chí mạnh mẽ, dám hy sinh mọi thứ quý giá cho thứ quý giá hơn: tự do.
Αποθηκεύτηκε σε:
| Μορφή: | Βιβλίο |
|---|---|
| Γλώσσα: | Undetermined |
| Έκδοση: |
Thành phố Hồ Chí Minh
Công ty Cổ phần Truyền thông điện ảnh Sài Gòn
2010
|
| Θέματα: | |
| Ετικέτες: |
Προσθήκη ετικέτας
Δεν υπάρχουν, Καταχωρήστε ετικέτα πρώτοι!
|
| Thư viện lưu trữ: | Trung tâm Học liệu Trường Đại học Cần Thơ |
|---|
| LEADER | 00841nam a2200205Ia 4500 | ||
|---|---|---|---|
| 001 | CTU_215055 | ||
| 008 | 210402s9999 xx 000 0 und d | ||
| 020 | |c 30000 | ||
| 082 | |a 791.43 | ||
| 082 | |b Tr103 | ||
| 245 | 0 | |a Trái tim dũng cảm = | |
| 245 | 0 | |b Braveheart | |
| 245 | 0 | |c Mel Gibson (Đạo diễn) | |
| 260 | |a Thành phố Hồ Chí Minh | ||
| 260 | |b Công ty Cổ phần Truyền thông điện ảnh Sài Gòn | ||
| 260 | |c 2010 | ||
| 520 | |a Câu chuyện xoay quanh một cuộc chiến dữ dội, một tình yêu mong manh và một ý chí mạnh mẽ, dám hy sinh mọi thứ quý giá cho thứ quý giá hơn: tự do. | ||
| 650 | |a Motion pictures,Phim điện ảnh | ||
| 904 | |i Tuyến | ||
| 980 | |a Trung tâm Học liệu Trường Đại học Cần Thơ | ||